[Event "HUN-chT"]
[Site "HUN"]
[Date "1993.??.??"]
[Round "?"]
[White "Honos, Attila"]
[Black "Tegzes, Laszlo"]
[Result "1/2-1/2"]
[WhiteElo "2300"]
[BlackElo "2270"]

1.e4 c5 2.c3 Nf6 3.e5 Nd5 4.d4 cxd4 5.Nf3 Nc6 6.cxd4 d6 7.Bc4 Nb6 8.Bb5 e6
9.O-O Be7 10.Nc3 O-O 11.Bf4 dxe5 12.dxe5 Qxd1 13.Rfxd1 Nb4 14.Bg3 a6 15.Be2 Bd7
16.Nd4 Rac8 17.Bf3 N6d5 18.Bxd5 Nxd5 19.Nf5 Bc5 20.Nxd5 exd5 21.Nd6 Bxd6
22.exd6 Be6 23.Rd2 Rc5 24.Re1 Rfc8 25.h3 Rc1 26.Rxc1 Rxc1+ 27.Kh2 Kf8 28.Be5 g6
29.Kg3 Ke8 30.Kh4 h6 31.Bg7 Rc4+ 32.g4 h5 33.b3 Rc6 34.Be5 hxg4 35.hxg4 Kd7
36.Kg5 Rc1 37.Bg3 Rc3 38.Bh2 Rc5 39.Be5 Rc1 40.f3 Kd8 41.Rh2 Re1 42.Bg3 Rf1
43.Kf4 Kd7 44.Ke3 Rc1 45.Rd2 Rc3+ 46.Kf2 Rc5 47.Bf4 Rc3 48.Kg3 Rc5 49.Kh4 Rc3
50.Kg3 Rc5 51.Be5 Rc1 52.Kh4 Re1  1/2-1/2

[Event "HUN-chT2"]
[Site "HUN"]
[Date "1993.??.??"]
[Round "?"]
[White "Rosta, Sandor"]
[Black "Korpics, Zsolt"]
[Result "0-1"]
[WhiteElo "2260"]
[BlackElo "2320"]

1.e4 c5 2.c3 Nf6 3.e5 Nd5 4.d4 cxd4 5.cxd4 e6 6.Nc3 Nxc3 7.bxc3 d6 8.Nf3 Qc7
9.Bd2 Nd7 10.exd6 Bxd6 11.Bd3 b6 12.O-O Bb7 13.Re1 Rc8 14.h3 O-O 15.a4 Bf4
16.Rc1 Bxd2 17.Nxd2 Nf6 18.Re5 Rfd8 19.Nf3 Bxf3 20.gxf3 Nd5 21.Ba6 Rb8 22.Qd2 Nb4
23.Qe2 Nxa6 24.Qxa6 Rxd4 25.cxd4 Qxc1+ 26.Kg2 Qc7 27.a5 h6 28.axb6 Qxb6 29.Qc4 Qd6
30.Ra5 Rd8 31.Rxa7 Qxd4 32.Qxd4 Rxd4 33.Kg3 g5 34.Rb7 Kg7 35.Ra7 Kg6 36.Ra8 h5
37.Rg8+ Kf5 38.Rh8 h4+ 39.Kg2 Kf4 40.Rf8 Rd7 41.Ra8 Kf5 42.Rb8 e5 43.Rb5 Ke6
44.Ra5 Rd4 45.Ra6+ Rd6 46.Ra5 Kf6 47.Rb5 Re6 48.Rb4 Re7 49.Ra4 Kf5 50.Ra5 Rd7
51.Rb5 Kf4 52.Rb4+ Rd4 53.Rb6 Kf5 54.Rb5 Rd8 55.Rb7 Rf8 56.Rb5 Rg8 57.Rb7 Kg6
58.Rb5 Re8 59.Rb4 Re7 60.Ra4 Kf5 61.Ra5 Rd7 62.Rb5 Kf4 63.Rb4+ Rd4 64.Rb6 f5
65.Rf6 Rd3 66.Rf7 Rxf3  0-1

[Event "HUN-chT"]
[Site "HUN"]
[Date "1993.??.??"]
[Round "?"]
[White "Gal, Jozsef"]
[Black "Molnar, Emil"]
[Result "1/2-1/2"]
[WhiteElo "2285"]
[BlackElo "2230"]

1.e4 c5 2.c3 Nf6 3.e5 Nd5 4.d4 cxd4 5.Nf3 e6 6.cxd4 d6 7.Nc3 Nxc3 8.bxc3 Nc6
9.Bf4 a6 10.Bd3 Be7 11.O-O dxe5 12.Nxe5 Nxe5 13.Bxe5 Bf6 14.Re1 O-O 15.Qf3 Bxe5
16.Rxe5 Qf6 17.Qg3 Bd7 18.Re4 g6 19.h4 Rfc8 20.Rc1 b5 21.Rf4 Qg7 22.h5 Ra7
23.hxg6 hxg6 24.Rf3 Rac7 25.Be2 Bc6 26.Re3 Bd5 27.a4 Bc4 28.Bxc4 Rxc4 29.axb5 axb5
30.Rb1 b4 31.Rxb4 Rxb4 32.cxb4 Qxd4 33.Qe5 Qxe5 34.Rxe5 Rc2 35.Rb5 Kg7 36.Rb8 Kf6
37.b5 g5 38.b6 Rb2 39.b7 Ke5 40.Rg8 Rxb7 41.Rxg5+  1/2-1/2

[Event "HUN-ch (Women)"]
[Site "HUN"]
[Date "1993.??.??"]
[Round "11"]
[White "Veroci, Zsuzsa"]
[Black "Grabics, Monika"]
[Result "1/2-1/2"]
[WhiteElo "2325"]
[BlackElo "2245"]

1.e4 c5 2.c3 Nf6 3.e5 Nd5 4.d4 cxd4 5.Nf3 Nc6 6.Bc4 Nb6 7.Bb3 d5 8.exd6 Qxd6
9.O-O Be6 10.Na3 dxc3 11.Qe2 Bxb3 12.axb3 e5 13.Nb5 Qb8 14.Nfd4 Nxd4 15.Nxd4 Bd6
16.Nf5 g6 17.Nxd6+ Qxd6 18.bxc3 f6 19.Ba3 Qe6 20.f4 Nd7 21.fxe5 Qb6+ 22.Kh1 Nxe5
23.Rad1 Rd8 24.c4 Rxd1 25.Qxd1 Qe6 26.Qd4 b6 27.Qh4 Kf7 28.Bb2 h5 29.Qe4 Re8
30.h3 Nd7 31.Qf4 Kg7 32.Bc3 Re7 33.Re1 Qf7 34.Rf1 Ne5 35.Kh2 g5 36.Qg3 Qg6
37.Qf2 g4 38.Qf4 Re6 39.Rd1 Nf7 40.hxg4 hxg4 41.Rd4 g3+ 42.Kg1 Qb1+ 43.Qf1 Qxf1+
44.Kxf1 Re3 45.Rg4+ Kf8 46.Bxf6 Rxb3 47.Bh4 a5 48.Rxg3 Rb4 49.Rc3 Ne5 50.Be1 Rxc4
51.Rxc4 Nxc4 52.Ke2 Ke7 53.Kd3 Ne5+ 54.Kc3 Ke6 55.Bf2 b5 56.Bb6 Nc6 57.Bxa5 Nxa5
58.Kb4 Nc6+  1/2-1/2

[Event "Isle of Man op"]
[Site "Isle of Man"]
[Date "1993.??.??"]
[Round "?"]
[White "Kuenzner, Evelin"]
[Black "Howell, James C"]
[Result "0-1"]
[WhiteElo "2160"]
[BlackElo "2470"]

1.e4 c5 2.c3 Nf6 3.e5 Nd5 4.d4 cxd4 5.cxd4 e6 6.Nc3 Nxc3 7.bxc3 Qc7 8.Bd2 b6
9.Bd3 Bb7 10.Nf3 d6 11.O-O Nd7 12.Bf4 Be7 13.exd6 Bxd6 14.Bxd6 Qxd6 15.Ng5 Nf6
16.Bb5+ Ke7 17.Nf3 Rac8 18.Rc1 Rc7 19.Qd3 Ng4 20.h3 Bxf3 21.hxg4 Bxg4 22.Qe3 h6
23.c4 Rhc8 24.f3 Bf5 25.Rfd1 Kf8 26.Ba6 Rd8 27.Rd2 e5 28.Rcd1 Qe7 29.Qxe5 Qxe5
30.dxe5 Rxd2 31.Rxd2 Ke7 32.Kf2 Be6 33.Rd4 Rc5 34.Bb5 Rxe5 35.g4 Rc5 36.Kg3 f5
37.gxf5 Bxf5 38.f4 Be6 39.a3 Rh5 40.Re4 Kf6 41.a4 Rh3+ 42.Kg2 Rc3 43.Rd4 Ke7
44.Re4 Kd6 45.Kh2 h5 46.Re5 h4 47.Rg5 Rc2+ 48.Kh1 h3 49.Rg6 Rf2 50.Rxg7 Bf5
51.Kg1 Rb2 52.c5+ bxc5 53.Bf1 h2+ 54.Kh1 Be4+ 55.Bg2 Rxg2 56.Rxg2 Bxg2+ 57.Kxg2 c4  0-1

[Event "Jyvaskyla op"]
[Site "Jyvaskyla"]
[Date "1993.??.??"]
[Round "8"]
[White "Kiik, Kalle"]
[Black "Havansi, Erkki ET"]
[Result "1/2-1/2"]
[WhiteElo "2370"]
[BlackElo "2275"]

1.e4 c5 2.c3 Nf6 3.e5 Nd5 4.d4 cxd4 5.Nf3 Nc6 6.Bc4 Nb6 7.Bb3 d5 8.exd6 Qxd6
9.O-O Bf5 10.Nxd4 Nxd4 11.cxd4 e6 12.Nc3 Be7 13.Qf3 O-O 14.Qxb7 Rfb8 15.Qf3 Qxd4
16.Bf4 Rf8 17.Rfe1 Qb4 18.Ne4 Rad8 19.Be5 Nd5 20.h3 Bg6 21.Rad1 Qa5 22.Ng3 Nf6
23.Bc3 Qb6 24.Qf4 Bd6 25.Qg5 Bc5 26.Qf4 Bd6 27.Qf3 Be7 28.Rxd8 Rxd8 29.Rd1 Rxd1+
30.Qxd1 h6 31.Bd4 Bc5 32.Bxc5 Qxc5 33.Qd2 Ne4 34.Nxe4 Bxe4 35.Qf4 Bd5 36.Bxd5 exd5
37.Qe5 Qc4 38.Qb8+ Kh7 39.Qxa7 d4 40.b3 Qc1+ 41.Kh2 Qf4+ 42.Kg1 Qc1+ 43.Kh2 Qf4+
44.Kg1 d3 45.Qd7 Qc1+ 46.Kh2 d2 47.Qd3+ Kg8 48.Qd8+ Kh7 49.Qd3+ g6 50.Qd7 Kg8
51.Qd8+ Kg7 52.Qd4+ Kf8 53.Qd8+ Kg7  1/2-1/2

[Event "Katowice op"]
[Site "Katowice"]
[Date "1993.??.??"]
[Round "4"]
[White "Pazdzior, Jaroslaw"]
[Black "Buturin, Vladimir"]
[Result "0-1"]
[WhiteElo "2220"]
[BlackElo "2415"]

1.e4 c5 2.c3 Nf6 3.e5 Nd5 4.d4 e6 5.Nf3 cxd4 6.Qxd4 Nc6 7.Qe4 d6 8.Bb5 Bd7
9.exd6 Bxd6 10.O-O O-O 11.Rd1 Qc7 12.Nbd2 Rad8 13.Qh4 Nce7 14.Bd3 f5 15.Nb3 Ng6
16.Qd4 Bc6 17.Bg5 e5 18.Bxd8 Rxd8 19.Nxe5 Bxe5 20.Qxa7 Nb6 21.Qa5 Bxh2+ 22.Kh1 Rd5
23.Bc4 Nxc4 24.Qa8+ Kf7 25.Rxd5 Bxd5 26.Re1 Be5 27.Nd4 Nh4 28.f4 Bxg2+ 29.Kg1 Bxd4+  0-1

[Event "Katowice op"]
[Site "Katowice"]
[Date "1993.??.??"]
[Round "6"]
[White "Kuznetsova, Elena"]
[Black "Buturin, Vladimir"]
[Result "1/2-1/2"]
[WhiteElo "2155"]
[BlackElo "2415"]

1.e4 c5 2.c3 Nf6 3.e5 Nd5 4.d4 cxd4 5.Nf3 e6 6.cxd4 d6 7.Bc4 Be7 8.O-O Nc6
9.Qe2 b6 10.exd6 Qxd6 11.Nc3 O-O 12.Nb5 Qd8 13.Bxd5 exd5 14.Bf4 Bg4 15.h3 Bxf3
16.Qxf3 Bf6 17.Rfd1 a6 18.Qc3 Ne7 19.Nd6 Qd7 20.Rac1 Ng6 21.Bg3 Bg5 22.Qc6 Qe6
23.Re1 Qf6 24.Be5 Nxe5 25.dxe5 Qe6 26.Rcd1 Rac8 27.Qxb6 Rb8 28.Qd4 Be7 29.b3 Bxd6
30.exd6 Qxd6 31.Qxd5 Qa3 32.Rd2 h6 33.Kh2 Rbe8 34.Rxe8 Rxe8 35.Qd7 Rf8 36.Qd6 Qa5
37.Re2 Rc8 38.a4 Ra8 39.Re5 Qc3 40.Re3 Qc2 41.Qd5 Rb8 42.Qd7 Qxf2 43.Rf3 Qc5
44.Qxf7+ Kh8 45.Qg6 a5 46.Qg3 Rf8 47.Rxf8+ Qxf8 48.Qe5 Qb4 49.Qd5 Qe1 50.Qd8+ Kh7
51.Qd3+ Kg8 52.Qg3 Qd2 53.Qe5 Kh8 54.Qe8+ Kh7 55.Qe4+ Kh8 56.Kg3 Kg8 57.Qc4+ Kh8
58.Qe6 Kh7 59.Kf3 Qd1+ 60.Kf2 Qd2+ 61.Qe2 Qf4+ 62.Qf3 Qd2+ 63.Kg3 Qg5+ 64.Kh2 Qe5+
65.Qg3 Qd5 66.h4 Qf5 67.Qf3 Qe5+ 68.Kh3 h5 69.g3 g6 70.Qf7+ Kh8 71.Qxg6 Qe2
72.Qf6+ Kh7 73.Qf5+ Kh6 74.Qd5 Kg7 75.Qg5+ Kh7 76.Qf5+ Kh8 77.Qf7 Qd1 78.Qe8+ Kg7
79.Kg2 Qc2+ 80.Kf1 Qxb3 81.Qe5+ Kf8 82.Qf4+ Kg7 83.Kf2 Qd5 84.Qc7+ Kg6 85.Qb6+ Kg7
86.Qb2+ Kg6 87.Qc2+ Kg7 88.Ke3 Qe5+ 89.Kf3 Qd5+ 90.Kf4 Qd6+  1/2-1/2

[Event "Katowice op"]
[Site "Katowice"]
[Date "1993.??.??"]
[Round "6"]
[White "Bashkov, Viacheslav"]
[Black "Levchenkov, Vitaly S"]
[Result "0-1"]
[WhiteElo "2450"]
[BlackElo "2250"]

1.e4 c5 2.c3 Nf6 3.e5 Nd5 4.Nf3 Nc6 5.d4 cxd4 6.Bc4 Nb6 7.Bb3 d5 8.exd6 Qxd6
9.cxd4 Be6 10.O-O Bxb3 11.Qxb3 e6 12.Nc3 Be7 13.Nb5 Qb8 14.Ne5 Nxd4 15.Nxd4 Qxe5
16.Be3 O-O 17.Nb5 a6 18.Nd4 Nd5 19.Qxb7 Rfb8 20.Qd7 Rxb2 21.Rfc1 Qd6 22.Rc8+ Rxc8
23.Qxc8+ Bf8 24.Qc1 Rb7 25.Bd2 h6 26.Rb1 Rxb1 27.Qxb1 Qb6 28.Nb3 Bb4 29.Qc2 Bxd2
30.Qxd2 Qb4 31.Qxb4 Nxb4 32.Nc5 a5 33.Nb7 a4 34.a3 Nc2 35.Nc5 Nxa3 36.f4 Kf8
37.Nxa4 Ke7 38.Kf2 Kd6 39.g4 Nb5 40.h4 Kd5 41.Kg3 Kd4 42.h5 f6 43.Nb6 e5
44.fxe5 fxe5 45.g5 e4 46.gxh6 gxh6 47.Nd7 Nd6 48.Nf8 Kd3 49.Ne6 Kd2 50.Kf4 e3
51.Nd4 Kd3 52.Nb3 Nc4 53.Nc1+ Kd2 54.Nb3+ Kc3 55.Nc1 Kd2 56.Nb3+ Ke2 57.Nd4+ Kf2
58.Kf5 Nd6+ 59.Kg6 Nb5 60.Nc2 e2 61.Kxh6 Nd4 62.Kg7 Nxc2 63.h6 e1=Q 64.h7 Qe7+
65.Kg8 Qe8+ 66.Kg7 Ne3  0-1

[Event "Katowice op"]
[Site "Katowice"]
[Date "1993.??.??"]
[Round "8"]
[White "Pazdzior, Jaroslaw"]
[Black "Mnatsakanian, Eduard A"]
[Result "1/2-1/2"]
[WhiteElo "2220"]
[BlackElo "2405"]

1.e4 c5 2.c3 Nf6 3.e5 Nd5 4.d4 cxd4 5.Nf3 Nc6 6.Bc4 Nb6 7.Bb3 d5 8.exd6 Qxd6
9.O-O Be6 10.Bxe6 Qxe6 11.Nxd4 Nxd4 12.Qxd4 Rd8 13.Qf4 g6 14.Na3 Bg7 15.Be3 O-O
16.Bc5 Nd5 17.Qc4 Rc8 18.Rad1 Rfd8 19.Qb5 a6 20.Qxb7 Rxc5 21.c4 Qc8 22.Qxc8 Rcxc8
23.cxd5 Bxb2 24.Nb1 Rc2 25.f4 Rc5 26.Rf2 Bc1 27.Re2 e6 28.Ree1 Bxf4 29.dxe6 Be3+
30.Kf1 Rxd1 31.exf7+ Kxf7 32.Rxd1 Rc2 33.Rd3 Rf2+ 34.Ke1 Rxg2 35.Rxe3 Rg1+
36.Kf2 Rxb1 37.Ra3 Rb6 38.h4 Rf6+ 39.Kg3 h5 40.Ra5 Ke7 41.Ra3 Kd7 42.Ra4 Kc7
43.Rf4 Rc6 44.Re4 Kd6 45.Kf4 Rc5 46.Rd4+ Kc6 47.Re4 Kb5 48.Re5 a5 49.Rxc5+ Kxc5
50.Kg5 Kd5 51.Kxg6 Ke6 52.Kxh5 Kf6 53.Kg4 a4 54.a3 Kg6 55.Kf4 Kh5  1/2-1/2

[Event "Katowice op"]
[Site "Katowice"]
[Date "1993.??.??"]
[Round "8"]
[White "Kveinys, Aloyzas"]
[Black "Levchenkov, Vitaly S"]
[Result "1-0"]
[WhiteElo "2555"]
[BlackElo "2250"]

1.e4 c5 2.c3 Nf6 3.e5 Nd5 4.d4 cxd4 5.Nf3 Nc6 6.Bc4 Nb6 7.Bb3 d5 8.exd6 Qxd6
9.O-O Be6 10.Na3 Bxb3 11.Qxb3 e6 12.Nb5 Qd8 13.Rd1 d3 14.c4 Bc5 15.Rxd3 Qe7
16.Bf4 O-O 17.Bd6 Bxd6 18.Nxd6 Rab8 19.Rad1 Rfd8 20.Qb5 h6 21.Ne5 Nxe5 22.Qxe5 Qg5
23.Qe2 Rd7 24.Rg3 Qe7  1-0

[Event "Kladovo zt"]
[Site "Kladovo"]
[Date "1993.??.??"]
[Round "1"]
[White "Markovic, Miroslav"]
[Black "Ilincic, Zlatko"]
[Result "1/2-1/2"]
[WhiteElo "2505"]
[BlackElo "2470"]

1.e4 c5 2.c3 Nf6 3.e5 Nd5 4.d4 cxd4 5.Nf3 Nc6 6.Bc4 Nb6 7.Bb3 d5 8.exd6 Qxd6
9.O-O Be6 10.Na3 Bxb3 11.Qxb3 Qd7 12.Rd1 e6 13.Nxd4 Nxd4 14.Rxd4 Qc6 15.Nc4 Bc5
16.Ne5 Qc8 17.Qb5+ Ke7 18.Rg4 g6 19.Bf4 a6 20.Qd3 f6 21.b4 fxe5 22.Bxe5 Bxf2+
23.Kxf2 Rf8+ 24.Kg1 Qc6 25.Re1 Nd7 26.Bd4 Rae8 27.Rge4 Kd8 28.Bf2 Rf5 29.Rc4 Qb5
30.Bg3 Rd5 31.Qe2 Nb6 32.Bc7+ Kd7 33.Bxb6 Qxb6+ 34.Kh1 Qd6 35.Rh4 Re7 36.Qf3 Kc7
37.c4 Rd2 38.c5 Qd5 39.Qg3+ e5 40.Qg5 Rf7 41.h3 Kb8 42.Qxe5+ Qxe5 43.Rxe5 Rxa2
44.Re8+ Kc7 45.Rh8 Rb2 46.R8xh7 Rxh7 47.Rxh7+ Kc6 48.Rh4 Kb5 49.Rh7 Rxb4
50.Rxb7+ Kxc5 51.Rc7+ Kb5 52.Rg7 a5 53.Rxg6 a4 54.Rg5+ Kc4 55.Rg3 Rb3 56.Rg4+ Kb5
57.Rg8 a3 58.Ra8 Kb4 59.Kh2 Rc3 60.Rb8+ Ka4 61.g4 Rc5 62.Rb1 a2 63.Ra1 Kb3
64.h4 Kb2 65.Rxa2+ Kxa2 66.h5 Rc8 67.h6 Rh8 68.g5 Kb3 69.Kg3 Kc4 70.Kg4 Kd5
71.Kf5 Rf8+ 72.Kg6 Rf1 73.Kg7 Ke6 74.g6 Rh1 75.Kh7  1/2-1/2

[Event "Las Palmas Pirez"]
[Site "Las Palmas"]
[Date "1993.??.??"]
[Round "3"]
[White "Castellano, Jose"]
[Black "Solana Suarez, Ernesto"]
[Result "0-1"]
[WhiteElo "2255"]
[BlackElo "2335"]

1.e4 c5 2.c3 Nf6 3.e5 Nd5 4.d4 cxd4 5.Nf3 e6 6.cxd4 b6 7.Nbd2 Bb7 8.a3 Be7
9.Nc4 b5 10.Ne3 a6 11.Bd3 d6 12.Nxd5 Bxd5 13.O-O Nd7 14.Bf4 dxe5 15.Nxe5 Nf6
16.a4 b4 17.Rc1 Bb7 18.Be2 Nd5 19.Bg3 Rc8 20.Rxc8 Qxc8 21.Qd2 Qd8 22.Qc2 Qa8
23.Bf3 O-O 24.Be4 f5 25.Bd3 Rc8 26.Qb1 Nf6 27.f3 Bd5 28.Re1 Bb3 29.a5 Bd8
30.Rc1 Bxa5 31.Nc4 Qd5 32.Nxa5 Rxc1+ 33.Qxc1 Qxd4+ 34.Bf2 Qxd3 35.Qe1 Qd1
36.Nxb3 Qxb3 37.Bd4 Kf7 38.h3 Qc4 39.Qe5 Qd5 40.Qe3 a5 41.b3 Nd7 42.f4 Nf6
43.Be5 Nd7 44.Qa7 Qc5+ 45.Bd4 Qxa7 46.Bxa7 Ke7 47.Kf2 Kd6 48.Ke3 Nc5 49.Kd4 Nxb3+
50.Kc4 Nd2+ 51.Kb5 Kd5 52.Bb8 b3  0-1

[Event "Le Touquet op"]
[Site "Le Touquet"]
[Date "1993.??.??"]
[Round "?"]
[White "Luco, Alain"]
[Black "Mathe, Aurelien"]
[Result "1-0"]
[WhiteElo "2275"]
[BlackElo "2220"]

1.e4 c5 2.c3 Nf6 3.e5 Nd5 4.d4 cxd4 5.Nf3 Nc6 6.Bc4 Nb6 7.Bb3 d5 8.exd6 Qxd6
9.O-O Be6 10.Bxe6 Qxe6 11.Nxd4 Nxd4 12.Qxd4 Rd8 13.Qb4 Qe2 14.a4 e5 15.Qb5+ Qxb5
16.axb5 Nc8 17.Na3 f5 18.Nc4 e4 19.Be3 Rd5 20.Bxa7 Rxb5 21.Bd4 Be7 22.Bxg7 Rg8
23.Bh6 Rg6 24.Bf4 Rc6 25.Ne3 Nb6 26.g3 Kf7 27.Rfd1 Ke6 28.Rd2 Nd7 29.Ra8 Ne5
30.Bxe5 Kxe5 31.Re8 Re6 32.c4 Rb3 33.Rd5+ Kf6 34.Rxf5+ Kg7 35.Nd5 Kg6 36.g4 e3
37.Rg8+  1-0

[Event "Le Touquet op"]
[Site "Le Touquet"]
[Date "1993.??.??"]
[Round "?"]
[White "Okhotnik, Vladimir"]
[Black "Ikonnikov, Vyacheslav"]
[Result "0-1"]
[WhiteElo "2395"]
[BlackElo "2485"]

1.e4 c5 2.c3 Nf6 3.e5 Nd5 4.d4 cxd4 5.Bc4 Qc7 6.Qe2 Nb6 7.Bb3 d3 8.Qe4 Na6
9.Nf3 Nc5 10.Qf4 Nxb3 11.axb3 d6 12.Na3 a6 13.exd6 Qxd6 14.Qxd6 exd6 15.O-O Bf5
16.Nd4 Bg6 17.f4 Be4 18.Be3 Nd5 19.Bd2 f5 20.Nc4 Be7 21.Ra5 O-O 22.Re1 b5
23.Nc6 Bh4 24.g3 bxc4 25.gxh4 Nc7 26.Nd4 cxb3 27.Kf2 Rf6 28.c4 Ne6 29.Nb5 axb5
30.Rxa8+ Bxa8 31.cxb5 Be4 32.b6 Rf8 33.Rc1 Rb8 34.Ba5 Kf7 35.Ke3 Ke7 36.h5 Kd7  0-1

[Event "Leeuwarden op"]
[Site "Leeuwarden"]
[Date "1993.??.??"]
[Round "2"]
[White "Lemmers, Oscar"]
[Black "Sziva, Erika"]
[Result "1-0"]
[WhiteElo "2385"]
[BlackElo "2235"]

1.e4 c5 2.c3 Nf6 3.e5 Nd5 4.d4 cxd4 5.cxd4 e6 6.Nc3 Nxc3 7.bxc3 Qc7 8.Bd2 b6
9.f4 Bb7 10.Nf3 d6 11.Bd3 Nc6 12.O-O O-O-O 13.Qe2 h6 14.a4 Na5 15.Rab1 Be7
16.c4 Bxf3 17.Qxf3 Nc6 18.d5 Nd4 19.Qe4 Nf5 20.a5 dxe5 21.fxe5 Bc5+ 22.Kh1 g6
23.axb6 axb6 24.d6 Qb7 25.Qxb7+ Kxb7 26.g4 f6 27.gxf5 exf5 28.Bc3 fxe5 29.Bxe5 Rhe8
30.Rfe1 Bxd6 31.Bf6 Rxe1+ 32.Rxe1 Rd7 33.Be2 g5 34.Bf3+ Kc7 35.Ra1 g4 36.Bd5 Bf4
37.Bd4 Rd6 38.Rf1  1-0

[Event "Leeuwarden op"]
[Site "Leeuwarden"]
[Date "1993.??.??"]
[Round "4"]
[White "Van Mil, Johannes A J"]
[Black "Dvoirys, Semen I"]
[Result "0-1"]
[WhiteElo "2435"]
[BlackElo "2590"]

1.e4 c5 2.c3 Nf6 3.e5 Nd5 4.d4 cxd4 5.Nf3 Nc6 6.Bc4 Nb6 7.Bb3 d5 8.exd6 Qxd6
9.Na3 a6 10.O-O e6 11.cxd4 Be7 12.Qd3 O-O 13.Rd1 Bd7 14.Ng5 Bxg5 15.Bxg5 Rac8
16.Qe4 a5 17.Qh4 a4 18.Bc4 Qb4 19.Bd3 f5 20.Nc2 Qa5 21.Bd2 Qd5 22.Bc3 Qd6
23.Ne3 Nb4 24.Be2 a3 25.Bxb4 Qxb4 26.bxa3 Qxa3 27.Rab1 Qd6 28.Bf3 Rc7 29.Rd2 Bc8
30.g3 Bd7 31.d5 f4 32.Nf1 Rc3 33.dxe6 Qxe6  0-1

[Event "Linares NL"]
[Site "Linares"]
[Date "1993.??.??"]
[Round "6"]
[White "Garmendez, Florentino"]
[Black "Browne, Walter S"]
[Result "1/2-1/2"]
[WhiteElo "2310"]
[BlackElo "2525"]

1.e4 c5 2.c3 Nf6 3.e5 Nd5 4.d4 cxd4 5.Nf3 Nc6 6.Bc4 Nb6 7.Bb3 d6 8.exd6 Qxd6
9.O-O Be6 10.Bxe6 Qxe6 11.Nxd4 Nxd4 12.Qxd4 Rd8 13.Qh4 Qe2 14.Nd2 Rxd2 15.Bxd2 Qxd2
16.Rfd1 Qh6 17.Qg3 Qc6 18.Qb8+ Nc8 19.Rd2 e6 20.Rad1 Be7 21.Rd7 O-O 22.Qxb7 Qa4
23.b3 Qxa2 24.Rxe7 Nxe7 25.Qxe7 Qxb3 26.Ra1 a5 27.Qa7 Rd8 28.h3 Qxc3 29.Rxa5 Rd1+
30.Kh2 h6 31.Rc5 Qf6 32.Rc8+ Kh7 33.Qe3 Rd4 34.Rc1 e5 35.Rc5 e4 36.Rf5 Qxf5
37.Qxd4 g5 38.Kg1 h5 39.Qd1 h4 40.Qb1 Kg6 41.Qc2 Qe6 42.f3 f5 43.fxe4 fxe4
44.Kf2 Qb6+ 45.Ke2 Kf5 46.Qc8+ Ke5 47.Qc1 Qb5+ 48.Kf2 Kd6 49.Qd2+ Qd5 50.Qb2 Qc5+
51.Kf1 Ke6 52.Qb3+ Ke5 53.g3 hxg3 54.Qxg3+ Kd4 55.Qf2+ e3 56.Qb2+ Kd3 57.Qe2+ Kc3
58.Qe1+ Kd4 59.Qd1+ Ke5 60.Ke2 Qd4 61.Qc2 Qb6 62.Qc4 Qd4 63.Qc1 Kf4 64.Qc7+ Kf5
65.Qf7+ Ke4 66.Qe7+  1/2-1/2

[Event "SWE-chA"]
[Site "Lindesberg"]
[Date "1993.??.??"]
[Round "?"]
[White "Bergstrom, Rolf"]
[Black "Thorsteinsson, Thorsteinn"]
[Result "0-1"]
[WhiteElo "2240"]
[BlackElo "2300"]

1.e4 c5 2.c3 Nf6 3.e5 Nd5 4.d4 cxd4 5.Nf3 Nc6 6.Bc4 Nc7 7.cxd4 d5 8.exd6 exd6
9.d5 Ne5 10.Nxe5 dxe5 11.O-O Bd6 12.Nc3 O-O 13.Be3 Qh4 14.Bb3 f5 15.g3 Qe7
16.f4 e4 17.Qd2 Bd7 18.Rac1 Kh8 19.Rfd1 Rfc8 20.h3 Ne8 21.Kh2 h6 22.Qf2 b6
23.Rg1 Nf6 24.Rcd1 Kh7 25.Ne2 Rg8 26.Nd4 Qf7 27.Qe2 Raf8 28.Nc6 g5 29.Nxa7 Nh5
30.Qf2 Rg6 31.Nc6 Qe8 32.Nd4 Qb8 33.Ne2 Bb5 34.Nd4 Bd7 35.Ne6 Bxe6 36.dxe6 gxf4
37.gxf4 Rxg1 38.Kxg1 Rg8+ 39.Kh2 Rg3 40.Qxg3 Nxg3 41.Kxg3 h5 42.Rf1 h4+ 43.Kh2 Bc5
44.Bxc5 bxc5 45.e7 e3 46.Bc4 Qxb2+ 47.Be2 Qxe2+ 48.Kg1 Qh5 49.Re1 Qg6+ 50.Kh1 Qe6  0-1

[Event "Ljubljana op"]
[Site "Ljubljana"]
[Date "1993.??.??"]
[Round "?"]
[White "Sermek, Drazen"]
[Black "Kozul, Zdenko"]
[Result "0-1"]
[WhiteElo "2460"]
[BlackElo "2595"]

1.e4 c5 2.c3 Nf6 3.e5 Nd5 4.d4 cxd4 5.Nf3 d6 6.cxd4 Nc6 7.Bc4 e6 8.O-O Be7
9.Qe2 Qc7 10.Bxd5 exd5 11.Nc3 Be6 12.Bf4 dxe5 13.Nxe5 Qb6 14.Nxc6 bxc6 15.Rfd1 O-O
16.Rac1 Rfe8 17.Na4 Qa5 18.b3 Ba3 19.Rc3 Bd7 20.Re3 Rxe3 21.Bxe3 Re8 22.Qc2 Bd6
23.h3 Bb8 24.Nc5 Bc8 25.Nd3 Qb6 26.Qc3 Bd6 27.Rc1 Bb7 28.Bf4 Ba3 29.Re1 Re4
30.Rxe4 dxe4 31.Nc5 Bb4 32.Qc4 Bc8 33.Bc7 Qxc7 34.Qxb4 Qf4 35.Qc3 h6 36.g3 Qd6
37.Qe3 f5 38.Kh2 Be6 39.f3 Bd5 40.fxe4 fxe4 41.Kg2 Qf6 42.a3 g5 43.b4 Qf5
44.Na4 Bc4 45.Nc3 Bf1+ 46.Kg1 Bxh3 47.Qxe4 Qxe4 48.Nxe4 Kf7 49.Kf2 Ke6 50.Nc3 Kd6
51.Ke3 Bf5 52.d5 cxd5 53.Nb5+ Ke5 54.Nxa7 d4+ 55.Kf2 Bd7 56.b5 h5 57.a4 Kd6
58.b6 h4 59.gxh4 gxh4 60.a5 h3 61.a6 h2  0-1

[Event "London Lloyds"]
[Site "London"]
[Date "1993.??.??"]
[Round "6"]
[White "Lyell, Mark"]
[Black "Har Zvi, Ronen"]
[Result "0-1"]
[WhiteElo "2235"]
[BlackElo "2505"]

1.e4 c5 2.c3 Nf6 3.e5 Nd5 4.d4 cxd4 5.Nf3 Nc6 6.Bc4 Nb6 7.Bb3 d6 8.exd6 Qxd6
9.O-O Be6 10.Bxe6 Qxe6 11.Nxd4 Nxd4 12.Qxd4 Rd8 13.Qh4 Qe2 14.Bd2 h5 15.Re1 Qg4
16.Qxg4 hxg4 17.b3 e6 18.Be3 Rh5 19.Nd2 Nd5 20.Bd4 Nb4 21.Re4 Nc2 22.Rc1 Nxd4
23.cxd4 Ra5 24.Rc2 Rad5 25.Rxg4 f5 26.Rh4 g5 27.Rh7 Rxd4 28.Nf1 R4d7 29.Rxd7 Rxd7
30.f3 Rd1 31.Kf2 Bb4 32.Ne3 Ra1 33.Ke2 b6 34.Kd3 Bc5 35.Re2 Kf7 36.Nc4 Kf6
37.h3 b5 38.Ne3 Rg1 39.Rc2 Bb6 40.Re2 Rc1 41.Kd2 Ra1 42.Kd3 Rg1 43.Rc2 Ke5
44.a4 Rb1 45.Kd2 Rxb3 46.Nd1 bxa4  0-1

[Event "London Lloyds"]
[Site "London"]
[Date "1993.??.??"]
[Round "6"]
[White "Jonsson, Hans"]
[Black "Ward, Christopher"]
[Result "1/2-1/2"]
[WhiteElo "2345"]
[BlackElo "2460"]

1.e4 c5 2.c3 Nf6 3.e5 Nd5 4.d4 cxd4 5.Nf3 e6 6.cxd4 d6 7.Nc3 Nxc3 8.bxc3 Qc7
9.Bd2 Nd7 10.exd6 Bxd6 11.Bd3 b6 12.O-O Bb7 13.Re1 O-O 14.h3 Bf4 15.Ne5 Bxd2
16.Qxd2 Nxe5 17.Rxe5 Rac8 18.Rc1 Rfd8 19.Ree1 g6 20.Qb2 Qf4 21.Bf1 Rc7 22.Red1 Rcd7
23.Re1 Rc7 24.Red1 Qg5 25.c4 Rdc8 26.Qa3 Be4 27.Re1 Ba8 28.Red1 Be4 29.Re1 Ba8  1/2-1/2

[Event "POL-chT"]
[Site "Lubniewice"]
[Date "1993.??.??"]
[Round "?"]
[White "Wiliczkiewicz, Zdzislawa"]
[Black "Lukasiewicz, Anna"]
[Result "0-1"]
[WhiteElo "2015"]
[BlackElo "2120"]

1.e4 c5 2.c3 Nf6 3.e5 Nd5 4.d4 cxd4 5.Qxd4 e6 6.Nf3 Nc6 7.Qe4 Be7 8.Qg4 Bf8
9.Nbd2 Nde7 10.Nc4 Ng6 11.h4 Qc7 12.Qg3 f6 13.Nd6+ Ke7 14.Be3 Ncxe5 15.O-O-O Kd8
16.Nb5 Qa5 17.h5 Ne7 18.Nxe5 fxe5 19.Qxe5 Nf5 20.Bg5+ Be7 21.Bxe7+ Kxe7 22.g4 d6
23.Qf4 a6 24.Qg5+ Kf8 25.Nxd6 h6  0-1

[Event "POL-chT"]
[Site "Lubniewice"]
[Date "1993.??.??"]
[Round "?"]
[White "Pilarska, Czeslawa"]
[Black "Litinskaya, Marta I"]
[Result "0-1"]
[WhiteElo "2210"]
[BlackElo "2305"]

1.e4 c5 2.c3 Nf6 3.e5 Nd5 4.d4 cxd4 5.Qxd4 e6 6.Nf3 Nc6 7.Qe4 Qc7 8.Nbd2 Nde7
9.Nc4 Ng6 10.a4 f5 11.Qe3 Be7 12.Bd3 b6 13.O-O O-O 14.b4 Nd8 15.Bb2 Nf7 16.Rfe1 Bb7
17.Nd4 Bd5 18.Nb5 Qc6 19.Nd4 Qc8 20.Qe2 Nf4  0-1

[Event "Malmo"]
[Site "Malmo"]
[Date "1993.??.??"]
[Round "3"]
[White "Hansen, Lars Bo"]
[Black "Hellers, Ferdinand"]
[Result "1/2-1/2"]
[WhiteElo "2545"]
[BlackElo "2565"]

1.e4 c5 2.c3 Nf6 3.e5 Nd5 4.Nf3 d6 5.Bc4 Nb6 6.Bb3 Nc6 7.exd6 Qxd6 8.d4 cxd4
9.cxd4 Bf5 10.Nc3 e6 11.O-O Be7 12.d5 Nxd5 13.Nxd5 exd5 14.Qxd5 Qxd5 15.Bxd5 O-O
16.Bg5 Bxg5 17.Nxg5 h6 18.Nf3  1/2-1/2

[Event "Malmo"]
[Site "Malmo"]
[Date "1993.??.??"]
[Round "4"]
[White "Rozentalis, Eduardas"]
[Black "Hellers, Ferdinand"]
[Result "0-1"]
[WhiteElo "2595"]
[BlackElo "2565"]

1.e4 c5 2.c3 Nf6 3.e5 Nd5 4.g3 d6 5.exd6 Qxd6 6.Bg2 Nc6 7.Ne2 g6 8.Na3 Nc7
9.O-O Bg7 10.d3 O-O 11.Nc4 Qd7 12.Be3 Ne6 13.Re1 Re8 14.Qa4 Rb8 15.Na3 b5
16.Qc2 Bb7 17.Nf4 Ne5 18.Nxe6 Bxg2 19.Kxg2 Qd5+ 20.Kf1 Qxe6 21.Bf4 Qh3+ 22.Ke2 Qh5+
23.Kf1 Qxh2 24.Bxe5 Bxe5 25.Qd1 Qh1+ 26.Ke2 Qg2 27.Rg1 Qc6 28.Qd2 Bg7 29.Nc2 Rbd8
30.Qe3 Rd6 31.Kf1 e5 32.f3 Red8 33.Ne1 c4 34.Rg2 cxd3 35.Rd2 f5  0-1

[Event "Malmo"]
[Site "Malmo"]
[Date "1993.??.??"]
[Round "6"]
[White "Rozentalis, Eduardas"]
[Black "Rogers, Ian"]
[Result "1-0"]
[WhiteElo "2595"]
[BlackElo "2575"]

1.e4 c5 2.c3 Nf6 3.e5 Nd5 4.g3 d6 5.exd6 e6 6.Bg2 Bxd6 7.Nf3 Nc6 8.O-O O-O
9.Na3 Be7 10.d3 b6 11.Nc4 Bb7 12.a4 Qc7 13.Qe2 Rad8 14.Bd2 Rfe8 15.Rae1 Bf8
16.Bg5 f6 17.Bc1 e5 18.Nh4 Qd7 19.Qc2 g5 20.Nf3 Nc7 21.Nfd2 Qxd3 22.Qxd3 Rxd3
23.Ne4 Kg7 24.f4 exf4 25.gxf4 h6 26.fxg5 fxg5 27.h4 gxh4 28.Rf6 Nd8 29.Bxh6+ Kg8
30.Bxf8 Rxf8 31.Rg6+ Kh8 32.Ne5 Rd5 33.Ng5 Rf5 34.Bxd5 Bxd5 35.c4 Ba8 36.Rd1  1-0

[Event "Mar del Plata op"]
[Site "Mar del Plata"]
[Date "1993.??.??"]
[Round "6"]
[White "Gomez Baillo, Jorge H"]
[Black "Panno, Oscar"]
[Result "1-0"]
[WhiteElo "2395"]
[BlackElo "2495"]

1.e4 c5 2.c3 Nf6 3.e5 Nd5 4.d4 cxd4 5.Nf3 Nc6 6.Bc4 Nb6 7.Bb3 e6 8.cxd4 d5
9.exd6 Bxd6 10.O-O O-O 11.Nc3 Be7 12.Re1 Bf6 13.Be3 Na5 14.Bc2 Nac4 15.Bf4 g6
16.Ne4 Bg7 17.b3 Na5 18.Bd6 Re8 19.Bc5 Bf8 20.Ne5 Nd5 21.Qd2 f6 22.Nc4 b6
23.Bxf8 Rxf8 24.Nxa5 bxa5 25.Nc5 Re8 26.Bd3 Kg7 27.Rac1 Re7 28.Bc4 Rb8 29.Re4 Rb6
30.Qxa5 Rd6 31.Qxd8 Rxd8 32.a3 Kf7 33.Ree1 Nb6 34.Red1 Nxc4 35.bxc4 Rc7 36.Nb3 Rc6
37.Rc3 Ba6 38.Rdc1 Rb8 39.Na5 Rc7 40.f3  1-0